00281nam a2200109Ia 4500008004100000082001200041082000800053245003900061245003100100260003100131300000900162231017s9999 xx 000 0 und d a624.183 bCUR 0aDesign of Post-Tensioned Brickwork 4cThe Brick Dept Association bThe Brick Dept Association c30cm